| 000 | 00409nam a2200157Ia 4500 | ||
|---|---|---|---|
| 008 | 230524s9999 xx 000 0 und d | ||
| 020 | _a7980070087699 | ||
| 082 |
_a670 _bRAO |
||
| 100 | _aP N Rao | ||
| 245 | 0 | _a"Manufacturing Technology Volume-1, (Foundry, Forming and Welding)" | |
| 250 | _a3 | ||
| 260 |
_aNew Delhi _bTMH _c2010 |
||
| 500 | _aQuantity Number: 70 | ||
| 650 | _aMechanics | ||
| 942 | _cBK | ||
| 999 |
_c51800 _d51800 |
||